01366nam a2200337Ia 4500001001200000003000800012006001900020007001500039008004100054010001700095020001500112020002800127040002100155035002100176050002900197082001700226100002200243245012400265260004400389300001400433504005100447533015200498600005200650600006000702600004300762650003400805655002900839710001700868856012600885999001701011ebr10150446CaPaEBRm u cr cn|||||||||050509s2005 nyu sb 001 0 eng d z 2005048706 z1403983372 z1403969892 (alk. paper) aCaPaEBRcCaPaEBR a(OCoLC)56796283814aPR6005.O4bH47785 2005eb04a823/.9122221 aParis, Bernard J.10aConrad's Charlie Marlowh[electronic resource] :ba new approach to Heart of darkness and Lord Jim /cby Bernard Paris. aNew York :bPalgrave Macmillan,cc2005. ax, 173 p. aIncludes bibliographical references and index. aElectronic reproduction.bPalo Alto, Calif. :cebrary,d2009.nAvailable via World Wide Web.nAccess may be limited to ebrary affiliated libraries.10aConrad, Joseph,d1857-1924.tHeart of darkness.10aConrad, Joseph,d1857-1924xCharactersxCharlie Marlow.10aConrad, Joseph,d1857-1924.tLord Jim. 0aMarlow (Fictitious character) 7aElectronic books.2local2 aebrary, Inc.40uhttp://site.ebrary.com/lib/rucke/Doc?id=10150446zAn electronic book accessible through the World Wide Web; click to view c94623d94623